| 000 | 01597nam a2200361 i 4500 | ||
|---|---|---|---|
| 001 | 77921 | ||
| 003 | BD-RjUL | ||
| 005 | 20211209083050.0 | ||
| 008 | 210210s1996 ir d 000 0 perod | ||
| 020 | _a9640001643 | ||
| 035 | _a(BD-RjUL)78147 | ||
| 040 |
_aEYM _erda _cEYM _dUkOxU _beng |
||
| 041 | _aeng | ||
| 066 | _c(4 | ||
| 082 |
_223 _a491.553 _bMOF 1996 |
||
| 100 | 1 |
_aمعین, محمد ;; Muʻīn, Muḥammad _ecompiler. _9244714 |
|
| 245 | 1 | 0 |
_aفرهنگ فارسی ;; Farhang-i Fārsī (mutavassiṭ) : shāmil-i yik muqaddamah va sih bakhsh : lughāt, tarkībāt-i khārijī, iʻlām .../ / _c محمد معین ;; Muḥammad Muʻīn |
| 246 | 1 | 5 | _aPersian- Dictionary |
| 250 | _aChāp-i 2. | ||
| 264 | 1 |
_aTihrān : _b Amīr Kabīr Pub., _c 1375 [1996] |
|
| 300 |
_a 6 v. ; _c22 cm |
||
| 490 | 1 | _aMo'in Persian dictionaries; 3 | |
| 505 | _aVol. 1 A-Kh -- v. 2 D-GH -- v. 3 K-Maʻlūma -- v. 4 Mcallā-Ye(a)Yla and foreign compound expressions -- v. 5 Proper names: A-oyun -- v. 6 Proper names: Yāt-Yey(ay) | ||
| 650 | 0 |
_aPersian dictionary _9244715 |
|
| 650 | 0 |
_aPersian language. _9244716 |
|
| 700 |
_aMuʻīn, Muḥammad _9244721 |
||
| 880 |
_6250-03/(4/r _aچاپ ۲. |
||
| 880 | 1 |
_6264-04/(4/r _aتهران : _bمؤسسهٔ انتشارات و چاپ دانشگاه تهران، _c۱۳۵۸. |
|
| 880 | 1 |
_6100-01/(4/r _aفرهوشی، بهرام. |
|
| 880 | 1 | 0 |
_6245-02/(4/r _aفرهنگ فارسی به پهلوی / _cتألیف بهرام فرهوشی. |
| 880 | 0 |
_6830-05/(4/r _aانتشارات دانشگاه تهران ؛ _v۱۷۴۹. |
|
| 942 |
_2ddc _cREF |
||
| 999 |
_c77921 _d77921 |
||